Mãe (Registo nº 1391)

Detalhes MARC
000 -Etiqueta do registo
Cabeçalho 00844nam0a2200289 4500
005 - Identificador da versão
Campo de controlo 20240813121835.0
010 ## - Número internacional normalizado dos livros (ISBN)
Número (ISBN) 9789724728100
021 ## - Número do Depósito Legal
Código do país PT
Número 223771/05
100 ## - Dados gerais de processamento
Dados gerais de processamento 20150306d2007 m y0pory5003 ba
102 ## - Pais de publicação ou produção
País de publicação Portugal
101 1# - Língua de publicação
Língua do texto, banda sonora, etc. Português
Língua do documento no original Inglês
215 ## - Descrição física 
Indicação específica da natureza do documento e extensão da espécie 192 p.
200 1# - Titulo e menção de responsabilidade
Título próprio Mãe
Primeira menção de responsabilidade Pearl S. Buck
225 2# - Colecção 
Título próprio da colecção Grandes Autores
205 ## - Menção da edição
Menção da edição 1ª ed
210 ## - Publicação, Distribuição, etc. 
Lugar da edição, distribuição, etc. Lisboa
Nome do editor, distribuidor, etc. Texto ed.
Data da publicação, distribuição, etc. 2007
300 ## - Notas gerais 
Texto da nota Plano Nacional de Leitura
Texto da nota Pearl S. Buck foi Prémio Nobel em 1938
314 ## - Notas relativas a responsabilidade intelectual 
Texto da nota Pearl S. Buck é pseudónimo de Pearl Comfort Sydenstricker
606 ## - Nome comum usado como assunto
Número de registo de entrada de autoridade 0002094
Palavra de ordem Lieratura americana
Subdivisão de assunto Romance
Código do sistema CA
675 ## - Classificação Decimal Universal (CDU)
Notação 821.111(73)-31
Edição 3ª ed.
Língua da edição por
700 #1 - Nome de autor-pessoa física (responsabilidade principal)
Número de registo de entrada de autoridade 0002096
Palavra de ordem Buck
Outra parte do nome não tomada para palavra de ordem Pearl S.
Datas 1892-1973
Elementos de identificação ou distinção pseud.
966 ## - Identificação da Biblioteca
Sigla EB2,3ENM
942 ## - Elementos de entrada adicionados (Koha)
Tipo de item no Koha Livro
Exemplares
Situação do levantamento Origin of item (home branch) (coded) Biblioteca de empréstimo Código de barras Cota Circulation type (not for loan) Tipo de documento Nota do exemplar Damaged status
  Biblioteca Escolar Eng. Nuno Mergulhão Biblioteca Escolar Eng. Nuno Mergulhão BENM3447 82LE-3 BUC PNL   Livro Sem mensagem  
  Biblioteca Escolar Eng. Nuno Mergulhão Biblioteca Escolar Eng. Nuno Mergulhão BENM3448 82LE-3 BUC PNL   Livro Sem mensagem  
  Biblioteca Escolar Eng. Nuno Mergulhão Biblioteca Escolar Eng. Nuno Mergulhão BENM3450 82LE-3 BUC PNL   Livro Sem mensagem  
  Biblioteca Escolar Eng. Nuno Mergulhão Biblioteca Escolar Eng. Nuno Mergulhão BENM3451 82LE-3 BUC PNL   Livro Sem mensagem  
  Biblioteca Escolar Eng. Nuno Mergulhão Biblioteca Escolar Eng. Nuno Mergulhão BENM3452 82LE-3 BUC PNL   Livro Sem mensagem  
  Biblioteca Escolar Eng. Nuno Mergulhão Biblioteca Escolar Eng. Nuno Mergulhão BENM3453 82LE-3 BUC PNL   Livro Sem mensagem  
  Biblioteca Escolar Eng. Nuno Mergulhão Biblioteca Escolar Eng. Nuno Mergulhão BENM3454 82LE-3 BUC PNL   Livro Sem mensagem  
  Biblioteca Escolar Eng. Nuno Mergulhão Biblioteca Escolar Eng. Nuno Mergulhão BENM3455 82LE-3 BUC PNL   Livro Sem mensagem  
  Biblioteca Escolar Eng. Nuno Mergulhão Biblioteca Escolar Eng. Nuno Mergulhão BENM3456 82LE-3 BUC PNL   Livro Sem mensagem